En torno a Wittgenstein y otros escritos (Record no. 23668)

000 -CABECERA
fixed length control field 00901nam a22002177i 4500
003 - IDENTIFICADOR DEL NÚMERO DE CONTROL
control field AR-CdUCM
008 - DATOS DE LONGITUD FIJA--INFORMACIÓN GENERAL
fixed length control field 260430b20212021 pe||||| |||| 00| 0 spa d
020 ## - NÚMERO INTERNACIONAL ESTÁNDAR DEL LIBRO
ISBN 978-612-47831-8-0
040 ## - FUENTE DE LA CATALOGACIÓN
Agencia/entidad que catalogó originalmente la obra MUNICIPALIDAD PROVINCIAL DEL CUSCO
Entidad que transcribió la catalogación BIBLIOTECA MUNICIPAL DEL CUSCO
082 ## - NÚMERO DE LA CLASIFICACIÓN DECIMAL DEWEY
No. de Clasificación 129.7
Notacion interna S18
100 ## - ENTRADA PRINCIPAL--NOMBRE DE PERSONA
Nombre Personal Salazar Bondy, Augusto
245 ## - MENCIÓN DE TÍTULO
Título En torno a Wittgenstein y otros escritos
260 ## - PUBLICACIÓN, DISTRIBUCIÓN, ETC.
Lugar de publicación, distribución, etc. Lima-Perú:
Nombre de la editorial, distribuidor, etc. Lima-Heraldos Editores
Fecha de publicación, distribución, etc. 2021
300 ## - DESCRIPCIÓN FÍSICA
Nº de Páginas Extensión 254 páginas. :
Dimensiones |21x14 cm.
500 ## - NOTA GENERAL
Bibliografía Páginas: 247-251
505 ## - NOTA DE CONTENIDO CON FORMATO
Nota de contenido formateada La filosofía de Schopenhauer -- La influencia de Frege -- El Tractatus. estructura y contenido fundamental -- El atomismo -- La teoría figurativa del significado -- Intención y desenvolvimiento del Tractatus -- Mariátegui y la libertad intelectual
856 ## - LOCALIZACIÓN Y ACCESO ELECTRÓNICOS
Dirección electrónica www.heraldoseditores.com
942 ## - ELEMENTOS DE PUNTO DE ACCESO ADICIONAL (KOHA)
Fuente de clasificación
Tipo de item Libros-BMC
945 ## - PROCESAMIENTO DE INFORMACIÓN LOCAL (OCLC)
Catalogador pbjr
AAAA-MM-DD - Fecha de ingreso o modificacion 30-04-2026
Holdings
Estado de retiro (separado) Fuente de clasificación o esquema de estanterías Estado dañado Ubicación Sala donde se ubica Nombre de la colección Fecha de adquisición o compra Fuente de adquisición Costo, precio normal en soles Signatura topográfica Código de Barras Última vez visto (Koha) Tipo de ítem (Koha)
No     Sala Humanidades Sala Humanidades Book Cart 2026-04-30 Donación 20.00 129.7 / S18 SH0000017134 2026-04-30 Libros-BMC

Powered by Koha